000 00915nam a22003138i 4500
999 _c1765
_d1765
001 021609863
003 UkOxU
005 20230127080601.0
008 190201s2019 enka j 000|f|eng|d
015 _aGBB941501
_2bnb
016 7 _a019281000
_2Uk
020 _a9781407196527 (pbk.) :
035 _a(Uk)019281000
040 _aStDuBDS
_beng
_erda
_cStDuBDS
_dKH8
082 0 4 _a823.92 SAU
_223
100 1 _aSaunders, Kate,
_d1960-
_eauthor.
245 1 0 _aMagicalamity /
_cKate Saunders ; illustrated by Paola Escobar.
263 _a201905
264 1 _aLondon :
_bScholastic,
_c2019.
300 _a1 volume :
_billustrations ;
_c20 cm
336 _atext
_2rdacontent
336 _astill image
_2rdacontent
337 _aunmediated
_2rdamedia
338 _avolume
_2rdacarrier
655 0 _aFantasy fiction.
655 0 _aChildren's stories.
700 1 _aEscobar, Paola,
_eillustrator.
942 _2ddc
_cNFIC